<?xml version='1.0' encoding='UTF-8'?>
  <record xmlns="http://www.loc.gov/MARC21/slim">
    <leader>00000cam a2200000   4500</leader>
    <controlfield tag="001">ocm10087017</controlfield>
    <controlfield tag="003">OCoLC</controlfield>
    <controlfield tag="005">20250703082921.1</controlfield>
    <controlfield tag="008">831103s1876    ne            000 0 dut d</controlfield>
    <datafield tag="040" ind1=" " ind2=" ">
      <subfield code="a">EXC</subfield>
      <subfield code="b">eng</subfield>
      <subfield code="c">EXC</subfield>
      <subfield code="d">OCLCG</subfield>
      <subfield code="d">Z@L</subfield>
      <subfield code="d">OCLCQ</subfield>
      <subfield code="d">OCLCO</subfield>
      <subfield code="d">OCLCF</subfield>
      <subfield code="d">OCLCQ</subfield>
      <subfield code="d">OCLCO</subfield>
      <subfield code="d">OCLCQ</subfield>
      <subfield code="d">OCLCO</subfield>
      <subfield code="d">OCLCL</subfield>
    </datafield>
    <datafield tag="019" ind1=" " ind2=" ">
      <subfield code="a">123677656</subfield>
    </datafield>
    <datafield tag="029" ind1="1" ind2=" ">
      <subfield code="a">NLGGC</subfield>
      <subfield code="b">108465950</subfield>
    </datafield>
    <datafield tag="035" ind1=" " ind2=" ">
      <subfield code="a">(OCoLC)10087017</subfield>
      <subfield code="z">(OCoLC)123677656</subfield>
    </datafield>
    <datafield tag="050" ind1=" " ind2="4">
      <subfield code="a">BT75</subfield>
      <subfield code="b">.O65 Du</subfield>
    </datafield>
    <datafield tag="082" ind1="0" ind2="4">
      <subfield code="a">230</subfield>
      <subfield code="2">20</subfield>
      <subfield code="1">https://id.oclc.org/worldcat/ddc/E4cy9rbCDXtwRTx8QB47JkmBjP</subfield>
    </datafield>
    <datafield tag="100" ind1="1" ind2=" ">
      <subfield code="a">Oosterzee, Johannes Jacobus van,</subfield>
      <subfield code="d">1817-1882.</subfield>
      <subfield code="1">https://id.oclc.org/worldcat/entity/E39PBJwhyT6h3xM9vFqDWmpHG3</subfield>
    </datafield>
    <datafield tag="245" ind1="1" ind2="0">
      <subfield code="a">Christelijke dogmatiek;</subfield>
      <subfield code="b">een handboek voor academisch onderwijs en eigen oefening.</subfield>
    </datafield>
    <datafield tag="250" ind1=" " ind2=" ">
      <subfield code="a">2. herziene en vermeerderde druk.</subfield>
    </datafield>
    <datafield tag="260" ind1=" " ind2=" ">
      <subfield code="a">Utrecht,</subfield>
      <subfield code="b">Kemink,</subfield>
      <subfield code="c">1876.</subfield>
    </datafield>
    <datafield tag="300" ind1=" " ind2=" ">
      <subfield code="a">2 volumes</subfield>
      <subfield code="c">23 cm</subfield>
    </datafield>
    <datafield tag="336" ind1=" " ind2=" ">
      <subfield code="a">text</subfield>
      <subfield code="b">txt</subfield>
      <subfield code="2">rdacontent</subfield>
    </datafield>
    <datafield tag="337" ind1=" " ind2=" ">
      <subfield code="a">unmediated</subfield>
      <subfield code="b">n</subfield>
      <subfield code="2">rdamedia</subfield>
    </datafield>
    <datafield tag="338" ind1=" " ind2=" ">
      <subfield code="a">volume</subfield>
      <subfield code="b">nc</subfield>
      <subfield code="2">rdacarrier</subfield>
    </datafield>
    <datafield tag="650" ind1=" " ind2="0">
      <subfield code="a">Theology, Doctrinal.</subfield>
    </datafield>
    <datafield tag="650" ind1=" " ind2="0">
      <subfield code="a">Reformed Church</subfield>
      <subfield code="x">Controversial literature.</subfield>
    </datafield>
    <datafield tag="650" ind1=" " ind2="6">
      <subfield code="a">Théologie dogmatique.</subfield>
    </datafield>
    <datafield tag="650" ind1=" " ind2="6">
      <subfield code="a">Église réformée</subfield>
      <subfield code="x">Ouvrages de controverse.</subfield>
    </datafield>
    <datafield tag="650" ind1=" " ind2="7">
      <subfield code="a">Reformed Church.</subfield>
      <subfield code="2">fast</subfield>
      <subfield code="0">(OCoLC)fst01092606</subfield>
    </datafield>
    <datafield tag="650" ind1=" " ind2="7">
      <subfield code="a">Theology, Doctrinal.</subfield>
      <subfield code="2">fast</subfield>
      <subfield code="0">(OCoLC)fst01149617</subfield>
    </datafield>
    <datafield tag="655" ind1=" " ind2="7">
      <subfield code="a">Controversial literature.</subfield>
      <subfield code="2">fast</subfield>
      <subfield code="0">(OCoLC)fst01423907</subfield>
    </datafield>
    <datafield tag="758" ind1=" " ind2=" ">
      <subfield code="i">has work:</subfield>
      <subfield code="a">Christelijke dogmatiek (Text)</subfield>
      <subfield code="1">https://id.oclc.org/worldcat/entity/E39PCFVJ8KyxCqqpFGyCwxWhpP</subfield>
      <subfield code="4">https://id.oclc.org/worldcat/ontology/hasWork</subfield>
    </datafield>
    <datafield tag="776" ind1="0" ind2="8">
      <subfield code="i">Online version:</subfield>
      <subfield code="a">Oosterzee, Johannes Jacobus van, 1817-1882.</subfield>
      <subfield code="t">Christelijke dogmatiek.</subfield>
      <subfield code="b">2. herziene en vermeerderde druk.</subfield>
      <subfield code="d">Utrecht, Kemink, 1876</subfield>
      <subfield code="w">(OCoLC)846185429</subfield>
    </datafield>
  </record>